Concise dictionary of phrases : (Record no. 92023)

MARC details
000 -LEADER
fixed length control field 00672nam a22001817a 4500
005 - DATE AND TIME OF LATEST TRANSACTION
control field 20150423110159.0
010 ## - LCCN (DPL NO)
LC control number ENG-112277
020 ## - INTERNATIONAL STANDARD BOOK NUMBER
International Standard Book Number 9789350571477
Terms of availability 135.00
020 ## - INTERNATIONAL STANDARD BOOK NUMBER
International Standard Book Number 9350571471
Terms of availability 135.00
035 ## - SYSTEM CONTROL NUMBER
System control number EN-95809
037 ## - SOURCE OF ACQUISITION
Source of stock number/acquisition DBAD/PUB
082 ## - DEWEY DECIMAL CLASSIFICATION NUMBER
Classification number 483.103
245 ## - TITLE STATEMENT
Title Concise dictionary of phrases :
Remainder of title a perfect reference for students of all age groups. useful guide for aspirants of IAS, CAT, GMAT, GRE, Civil Services, IELTS, TOEFL & other examinations
260 ## - PUBLICATION, DISTRIBUTION, ETC. (IMPRINT)
Place of publication, distribution, etc New Delhi
Name of publisher, distributor, etc V & S Publishers
Date of publication, distribution, etc 2014
270 ## - ADDRESS
Address F-2/16, Ansari Road, Daryaganj,
City New Delhi
Postal code 110002
300 ## - PHYSICAL DESCRIPTION
Extent 91p.
Dimensions 22cm(pbk)
942 ## - ADDED ENTRY ELEMENTS (KOHA)
Source of classification or shelving scheme Dewey Decimal Classification
Item type English Books
Call number suffix CON
Classification part 483.103
Holdings
Withdrawn status Lost status Not for loan Collection code Home library Current library Date acquired Source of acquisition Cost, normal purchase price Full call number Barcode Copy number Cost, replacement price Koha item type
    Not For Loan Non-fiction D.B.Act.Division D.B.Act.Division 02/03/2015 DBAD/PUB 135.00 CON EN-95809 1 135.00 English Books

© Delhi Public Library
Hit Counter
free hit counter